000 00918cam a22002057a 4500
008 100620t2007 xxu||||gr|||| 00| 0 ara d
020 _a9789953871608
082 _222
_a247
_bك ا ت
100 _914905
_aالكاتب، أحمد
245 _aالسنة والشيعة وحدة الدين :
_cأحمد الكاتب.
_bخلاف التاريخ والسياسة /
260 _aبيروت:
_bالدار العربية للعلوم،
_c2007.
300 _a216؛ ص
_c24سم.
504 _aيحتوى على إرجاعات ببليوجرافية
650 _914908
_aفقه الشيعة
650 _914826
_aالشيعة
650 _914911
_aالسنة
650 _917684
_aالأحكام الشرعية
942 _2ddc
_cBB
999 _c14124
_d14124